| 000 | 01286nam a2200361 i 4500 | ||
|---|---|---|---|
| 001 | 57334 | ||
| 003 | CO-BoRNBP | ||
| 005 | 20250619144304.0 | ||
| 007 | ta | ||
| 008 | 231210t2023 ck a|||br|||| 00||j spa d | ||
| 020 | _a9786287672086 | ||
| 040 |
_aCO-BoRNBP _bspa _erda _cCO-BoRNBP |
||
| 041 | 1 |
_aspa _heng |
|
| 043 | _an-us--- | ||
| 084 | _aC SLO14 | ||
| 100 | 1 |
_aSlobodkin, Louis, _d1903-1975 _eautor _eilustrador |
|
| 245 | 1 | 0 |
_aNomi y sus queridos animales _cilustraciones y texto Louis Slobodkin ; traducción Virginia López-Ballesteros |
| 250 | _aEdición especial | ||
| 264 | 1 |
_aBogotá, Colombia _bEdiciones Loqueleo _c2023 |
|
| 264 | 4 | _c©2023 | |
| 300 |
_a36 páginas _bilustraciones a color _c25 cm |
||
| 336 |
_atexto _btxt _2rdacontent |
||
| 337 |
_asin mediación _bn _2rdamedia |
||
| 338 |
_avolumen _bnc _2rdacarrier |
||
| 521 | 1 | _aRecomendado para un público infantil a partir de los 6 años. | |
| 534 | _tNomi and the Lovely animals | ||
| 650 | 1 | 0 |
_aCuentos infantiles estadounidenses _ySiglo XX _2LEMB _9816 |
| 650 | 1 | 7 |
_aLiteratura infantil estadounidense _ySiglo XX _2LEMB _9817 |
| 650 | 1 | 4 |
_aAutores estadounidenses _2LEMB _9718 |
| 650 | 1 | 7 |
_aAnimales en la literatura _2LEMB _9853 |
| 700 | 1 |
_aLópez-Ballesteros, Virginia _etraductora |
|
| 942 |
_2loc _cBKLITI |
||
| 999 |
_c57334 _d57334 |
||